Statistiche per Capitali del mondo che iniziano con la C

Clicka qui per fare il quiz!

Statistiche generali

  • Questo quiz è stato fatto 582 volte
  • Il punteggio medio è 6 su 10

Statistiche sulle risposte

Risposte% Corretto
Città del Vaticano
84%
Città del Messico
80%
Canberra
72%
Città del Capo
62%
Caracas
58%
Copenhagen
56%
Città del {Guatemala}
55%
Chisinau
50%
Conakry
43%
Castries
38%

Distribuzione punteggi

Percentile per numero di risposta

Percentuale di utenti per punteggio

I tuoi punteggi nel tempo

Non hai fatto questo quiz